Sindicalismo en el sur en la era de la globalización /
En general, el artículo examina el efecto de la globalización en el sindicalismo en los países en desarrollo. Se concluye, primero, que la globalización ha sido asimétrica. Segundo, se examina el papel y la repercusión económica de los sindicatos. En la última sección se proponen nuevos desempeños y...
Wedi'i Gadw mewn:
| Prif Awdur: | |
|---|---|
| Fformat: | Texto |
| Pynciau: | |
| Tagiau: |
Ychwanegu Tag
Dim Tagiau, Byddwch y cyntaf i dagio'r cofnod hwn!
|
MARC
| LEADER | 00000 a a2200000 04500 | ||
|---|---|---|---|
| 001 | 42046 | ||
| 003 | |||
| 040 | |||
| 100 | |a Ramos, Joseph | ||
| 245 | |a Sindicalismo en el sur en la era de la globalización / |c Joseph Ramos | ||
| 500 | |a jramos@econ.uchile.cl | ||
| 520 | |a En general, el artículo examina el efecto de la globalización en el sindicalismo en los países en desarrollo. Se concluye, primero, que la globalización ha sido asimétrica. Segundo, se examina el papel y la repercusión económica de los sindicatos. En la última sección se proponen nuevos desempeños y énfasis para el sindicalismo, en el marco de la globalización. | ||
| 590 | |a RRH/ENERO2012 | ||
| 650 | |a 1.SINDICALISMO | ||
| 650 | |a 2.GLOBALIZACION | ||
| 650 | |a 3.MERCADO DE TRABAJO | ||
| 650 | |a 4.EMPLEO | ||
| 650 | |a 5.PAISES EN DESARROLLO | ||
| 773 | |g número100 ( , 2010), páginas 97-121 : tablas, gráficos | ||
| 999 | |c 32525 |d 32525 | ||
